| 000 | 00352nam a22001457a 4500 | ||
|---|---|---|---|
| 003 | OSt | ||
| 005 | 20160727222353.0 | ||
| 008 | 160622b xxu||||| |||| 00| 0 eng d | ||
| 040 | _ctest | ||
| 100 |
_9453 _aMarshall, D, |
||
| 245 | _aAkio Morita and SoN.Y | ||
| 260 |
_aN.Y _bOrient Longman Ltd. _c1996 |
||
| 300 | _aAkio Morita and SoN.Y | ||
| 942 |
_2ddc _cBK |
||
| 999 |
_c375 _d375 |
||